000
00319nam a2200133Ia 4500
008
191201s2009 xx 000 0 und d
082
_a
005.133
_b
SCC
100
_a
Schildt, Herbert
245
0
_a
Complete reference Java 3
260
_a
N. delhi
_b
TMH
_c
2009
300
_a
1096
650
_a
B.Tech(CSE)
942
_2
ddc
_c
BK
999
_c
3509
_d
3509